01210nam a22003014a 4500001001100000003000800011006001900019007001500038008004100053010001700094020002200111020001500133040002100148035002000169050002800189082002000217100002100237245007200258260007700330300001500407504006400422533015200486650008000638655002900718710001700747856012500764999001900889ebr2000888CaPaEBRm u cr cn|||||||||000301s2000 enk sb 001 0 eng  z 00028367  z0521777356 (pbk.) z0521771897 aCaPaEBRcCaPaEBR a(OCoLC)5102854414aHD6073.D37bW666 2000eb04a305.43/09042211 aWoodfield, Ruth.10aWomen, work and computingh[electronic resource] /cRuth Woodfield. aCambridge, UK ;aNew York, NY, USA :bCambridge University Press,c2000. axi, 209 p. aIncludes bibliographical references (p. 198-204) and index. aElectronic reproduction.bPalo Alto, Calif. :cebrary,d2013.nAvailable via World Wide Web.nAccess may be limited to ebrary affiliated libraries. 0aWomen electronic data processing personnelxSupply and demandxForecasting. 7aElectronic books.2local2 aebrary, Inc.40uhttp://site.ebrary.com/lib/rucke/Doc?id=2000888zAn electronic book accessible through the World Wide Web; click to view c126093d126093